• 首页
  • 本馆介绍
  • 公告通知
  • 最新文献
  • 馆藏检索
  • 电子资源
  • 读者导购
  • 参考咨询
  • 我的图书馆
  • 登录
  • 详细信息显示
  • 放入我的书架
  • 预约/预借图书
  • 作者相关作品
  • 分类相关作品
  • 丛书相关作品
  • 出版社相关作品

书目信息

  • 表格格式
  • 工作单格式
  • 卡片格式
题名:
无线电波传播和电离层
    
 
作者: 阿尔别尔特 , Альперт 著 ;袁翊 译
分册: 第二卷   电磁波在地球附近的传播
出版信息: 北京   人民邮电出版社  1981
页数: 207页
开本: 25cm
丛书名:
单 册:
中图分类: TN011
科图分类:
主题词: 电波传播 , 电离层
电子资源:
ISBN:
000 01132nam0 2200301 45
001 0181003681
005 20060814105455.60
010    @dCNY1.40
091    @a15045.总2497-无6146
100    @a19950309d1981 em y0chiy0121 ea
101 1  @achi@crus
102    @aCN@b110000
105    @ay z 000yy
200 10 @a无线电波传播和电离层@Awu xian dian bo chuan bo he dian li ceng@h第二卷@i电磁波在地球附近的传播@f(苏)阿尔别尔特(Я.Л.Альперт)著@g袁翊译
210    @a北京@c人民邮电出版社@d1981
215    @a207页@d25cm
300    @a书名原文:Распространение электромагнитных волн и ионосфера
510 1  @aРаспространение электромагнитных волн и ионосфера@zrus
517 1  @a电磁波在地球附近的传播@Adian ci bo zai di qiu fu jin de chuan bo
606    @a电波传播
606    @a电离层
690    @aTN011@v3 
701  1 @a阿尔别尔特@Aa er bie er te@bЯ.Л.@4著
701 A1 @aАльперт@bЯ.Л.@4著
702  0 @a袁翊@Ayuan yi@4译
801  0 @aCN@bTSSF@c20060814
801  2 @aCN@bNLC@c20060805
905    @a10447@dTN011@e86:2
    
    无线电波传播和电离层.第二卷.电磁波在地球附近的传播/(苏)阿尔别尔特(Я.Л.Альперт)著/袁翊译.-北京:人民邮电出版社,1981
    207页;25cm
    书名原文:Распространение электромагнитных волн и ионосфера
    
    ISBN :CNY1.40
    
●
相关链接 在E读中查询图书 在五车中查询图书 在当当中查询图书 在豆瓣中查询图书


正题名:无线电波传播和电离层     索取号:TN011/86:2         预约/预借

序号 登录号 条形码 馆藏地/架位号 状态 备注
1 0451547   204515471   密集书库/ [索取号:TN011/86:2] 在馆    
2 0458138   204581381   密集书库/ [索取号:TN011/86:2] 在馆    
唐山师范学院图书馆 欢迎您!
大连网信软件有限公司© 版权所有